| 000 | 00611nam a22002057a 4500 | ||
|---|---|---|---|
| 999 |
_c2865 _d2865 |
||
| 003 | OSt | ||
| 005 | 20210722122032.0 | ||
| 008 | 210722b ||||| |||| 00| 0 eng d | ||
| 020 | _a- | ||
| 040 | _cALUPE UNIVERSITY | ||
| 050 |
_aRC537 _b.S9 1985 |
||
| 100 | _aW. Poldinger | ||
| 245 |
_aMixed anxiety-depressive disorders with Psychosomatic symptomatology _bClassification and Treatment |
||
| 250 | _a- | ||
| 260 |
_aCopenhagen _bproceedings of asymposium _c1985 |
||
| 300 |
_a90p.; _bill. _c23cm |
||
| 504 | _aincludes bibliographic references. | ||
| 650 | _aanxiety, somatic symptoms | ||
| 942 |
_2lcc _cBK _nJO |
||